00578 a2200157 4500010001400000020002400014035001300038037001600051082001100067100001600078245016900094260004500263270005400308300003800362500002000400 aENG-89394 a81820334045c595.00 aEN-72927 bDBAD / PUB14a005.43 aDesai, Anil1 aMCITP self-paced training kit (exam 70-623):cby Anil Desaibsupporting and troubleshooting applications on a Windows Vista client for consumer support technicians/ aNew DelhibPrentice Hall of Indiac2008 aM-97, Connaught CircusbNew DelhicDelhie110001 axxv, 651p.c24 cm ( Pbk.)eCD-ROM aIncludes Index